000 00424nam a2200181Ia 4500
001 8543
005 20260306160617.0
008 260306t2009||||xx |||||||||||||| ||spa||
041 _aESP
082 _a371.102
_bO62
100 _aGrupo Océano
_eAUT
245 0 _aManual de recursos del maestro
260 _c2009
300 _axx, 731 páginas :
_c27 cm.
650 _aGEN
654 _aCED
942 _cLIB
_dJUS
_fJUS
_2ddc
_n
999 _c8543
_d8543